000 00547nam a2200217Ia 4500
008 210210b2019 xxu||||| |||| 00| 0 eng d
041 _aeng
082 _a891.4 CHED
100 _aCHELLIAH (S)
245 _aDalit literature:journey from repression to resistance
260 _aDelhi
_bKalpaz publications
_c2019
300 _a322
650 _aresistance
650 _arepression
650 _aliterature:journey
650 _afrom
650 _aDalit
690 _aIndian Literature
700 _aSINGH (Bijender)
906 _a074490
999 _c125811
_d125811